Normal view MARC view
  • Warburton, Robert,

Entry Personal Name

Number of records used in: 5

001 - CONTROL NUMBER

  • control field: 5382

003 - CONTROL NUMBER IDENTIFIER

  • control field: NUST

005 - DATE AND TIME OF LATEST TRANSACTION

  • control field: 20171012110212.0

008 - FIXED-LENGTH DATA ELEMENTS

  • fixed length control field: 171012|| aca||aabn | a|a d

040 ## - CATALOGING SOURCE

  • Original cataloging agency: NUST
  • Transcribing agency: NUST

100 ## - HEADING--PERSONAL NAME

  • Personal name: Warburton, Robert,
  • Titles and other words associated with a name: Sir,
  • Dates associated with a name: 1842-1899.

670 ## - SOURCE DATA FOUND

  • Source citation: Work cat.: (NUST)0: Warburton, Robert, Sir, 1842-1899., Eighteen years in the Khyber, 1879-1898 /, 2007.
© 2023 Central Library, National University of Sciences and Technology. All Rights Reserved.